Designing embedded hardware

Αποθηκεύτηκε σε:
Λεπτομέρειες βιβλιογραφικής εγγραφής
Κύριος συγγραφέας: Catsoulis, John
Μορφή: Βιβλίο
Γλώσσα:English
Δημοσίευση: Sebastopol, CA : O' Reilly, 2005.
Έκδοση:2η εκδ.
Θέματα:
Ετικέτες: Προσθήκη ετικέτας
Δεν υπάρχουν, Καταχωρήστε ετικέτα πρώτοι!

MARC

LEADER 00000nam a2200000 a 4500
001 1/107498
008 150716s2005####us | ||| |||| ||eng||
020 |a 9780596007553 
040 |a GR-MyUa  |b gre  |c GR-MyUa  |e AACR2 
041 0 |a eng 
082 7 |a 004.16   |2 (23)  
100 1 |a Catsoulis, John. 
245 1 0 |a Designing embedded hardware /   |c John Catsoulis.  
250 |a 2η εκδ.  
260 |a Sebastopol, CA :   |b O' Reilly,   |c 2005.  
300 |a xvi, 377 σ. :   |b εικ. ;   |c 24 εκ.  
500 |a "Create new computers and devices"--Cover. 
504 |a Περιέχει ευρετήριο 
650 0 |a Embedded computer systems 
852 |a INST  |b SAMOS  |e 20150716  |h 006.22 CAT  |p 005300042427  |q 005300042427  |t BK  |y 0 
922 |a 3ΕΛΗ  |b 201504  |c ΤΜΠΕΣ  |d Διαδρομές 
970 |a Κοσιέρης  |b Χρήστος  |z 16-07-2015